[Event "Berlin-ch Seniors op 33rd"]
[Site "Berlin"]
[Date "2017.02.03"]
[Round "4"]
[White "Kammler, Hans Joachim"]
[Black "Morczynski, Ryszard"]
[Result "1-0"]
[WhiteElo "1477"]
[BlackElo "1351"]
[PlyCount "66"]
[EventDate "2017.01.31"]
[EventType "swiss"]
[EventRounds "9"]
[EventCountry "GER"]
[SourceTitle "EXT 2019"]
[Source "ChessBase"]
[SourceDate "2018.10.10"]
[SourceVersion "1"]
[SourceVersionDate "2018.10.10"]
[SourceQuality "1"]

1. e4 d6 2. d4 Nf6 3. Nc3 g6 4. Bd3 Bg7 5. h3 0-0 6. Nf3 c6 7. Be3 Nbd7 8. Qd2 b5 9. Bh6 Qa5 10. Bxg7 Kxg7 11. a3 b4 12. Ne2 c5 13. 0-0 Rh8 14. axb4 Qxb4 15. c3 Qb6 16. Ra4 Bb7 17. d5 Rab8 18. b4 e6 19. b5 Rbc8 20. c4 Ra8 21. Nh2 Qd8 22. f4 Bc8 23. Ng3 e5 24. f5 Rf8 25. Ra3 h5 26. Qg5 Rh8 27. Be2 Nxe4 28. Nxe4 Qxg5 29. Nxg5 gxf5 30. Rxf5 Nf6 31. Rf2 Rg8 32. Raf3 Nd7 33. Rxf7+ Kh6 1-0

[Event "Berlin Lichtenberger op 10th"]
[Site "Berlin"]
[Date "2011.08.14"]
[Round "3"]
[White "Hoffmann, Peter1"]
[Black "Kammler, Hans Joachim"]
[Result "1-0"]
[WhiteElo "2030"]
[BlackElo "1519"]
[PlyCount "65"]
[EventDate "2011.08.13"]
[EventType "swiss"]
[EventRounds "9"]
[EventCountry "GER"]
[SourceTitle "CBM 143 Extra"]
[Source "ChessBase"]
[SourceDate "2011.08.29"]
[SourceVersion "1"]
[SourceVersionDate "2011.08.29"]
[SourceQuality "1"]

1. d4 f5 2. c4 d6 3. Nc3 Nf6 4. f3 g6 5. e4 fxe4 6. fxe4 Bg7 7. Nf3 0-0 8. Bd3 Nc6 9. d5 Nb4 10. Be2 a5 11. a3 Na6 12. 0-0 e5 13. b4 b6 14. Bd2 Bd7 15. Rb1 Rb8 16. c5 Bc8 17. Ng5 Ra8 18. c6 axb4 19. axb4 h6 20. Nf3 Bg4 21. h3 Bxf3 22. Bxf3 Kh8 23. Be3 h5 24. Qd2 Ng8 25. Bg5 Bf6 26. h4 Ra7 27. Ra1 Ra8 28. Rfb1 Qe7 29. Be2 Bxg5 30. Qxg5 Nxb4 31. Rxa8 Rxa8 32. Rxb4 Ra1+ 33. Rb1 1-0

[Event "Berlin Lichtenberger op 8th"]
[Site "Berlin"]
[Date "2009.08.19"]
[Round "5"]
[White "Kammler, Hans Joachim"]
[Black "Steppan, Siegfried"]
[Result "0-1"]
[WhiteElo "1276"]
[BlackElo "1584"]
[PlyCount "68"]
[EventDate "2009.08.15"]
[EventType "swiss"]
[EventRounds "9"]
[EventCountry "GER"]
[SourceTitle "CBM 131 Extra"]
[Source "ChessBase"]
[SourceDate "2009.09.03"]
[SourceVersion "2"]
[SourceVersionDate "2009.09.16"]
[SourceQuality "1"]

1. e4 c6 2. c4 d5 3. exd5 cxd5 4. cxd5 Nf6 5. Nc3 a6 6. Qb3 Nbd7 7. d4 b5 8. Nf3 Nb6 9. a3 Nbxd5 10. Bd3 e6 11. Bg5 Be7 12. 0-0 0-0 13. Rac1 h6 14. Bh4 Bb7 15. Bg3 Nxc3 16. Rxc3 Bxf3 17. gxf3 Qd5 18. Qc2 Bd6 19. Rd1 Bxg3 20. fxg3 Qxd4+ 21. Kg2 Qa4 22. Qe2 Nd5 23. Rc6 Ne3+ 24. Qxe3 Qxd1 25. Qe4 Qd2+ 26. Kh3 g6 27. Rxe6 Qxb2 28. Re5 Qc1 29. f4 Qc8+ 30. g4 Re8 31. f5 Rxe5 32. Qxe5 Qe8 33. Qf6 Qe3+ 34. Kh4 Qxd3 0-1

[Event "Berlin Lichtenberger op 8th"]
[Site "Berlin"]
[Date "2009.08.18"]
[Round "4"]
[White "Theilig, Reinhard"]
[Black "Kammler, Hans Joachim"]
[Result "1-0"]
[WhiteElo "1559"]
[BlackElo "1276"]
[PlyCount "83"]
[EventDate "2009.08.15"]
[EventType "swiss"]
[EventRounds "9"]
[EventCountry "GER"]
[SourceTitle "CBM 131 Extra"]
[Source "ChessBase"]
[SourceDate "2009.09.03"]
[SourceVersion "2"]
[SourceVersionDate "2009.09.16"]
[SourceQuality "1"]

1. Nf3 d5 2. c4 c6 3. b3 e6 4. Bb2 Nf6 5. g3 Be7 6. Bg2 Nbd7 7. 0-0 b6 8. d3 Bb7 9. Nbd2 Qc7 10. Rc1 0-0 11. Re1 c5 12. cxd5 exd5 13. Nd4 Qd8 14. Nf5 Rb8 15. e4 d4 16. Nc4 g6 17. Nxe7+ Qxe7 18. Rb1 Ne5 19. Nxe5 Qxe5 20. Bc1 Nd7 21. Bf4 Qg7 22. Bxb8 Rxb8 23. f4 g5 24. Qg4 f6 25. fxg5 Ne5 26. Qe6+ Kh8 27. Qxf6 Qxf6 28. gxf6 Nxd3 29. Rf1 Ne5 30. h3 d3 31. Rf5 Nf7 32. Rd1 Ba6 33. Kf2 c4 34. bxc4 Bxc4 35. Rd2 Re8 36. Rf4 a5 37. Bf1 Ne5 38. Ke3 Rd8 39. Rf5 Nf7 40. Bxd3 b5 41. Bxc4 bxc4 42. Rxd8+ 1-0

[Event "Berlin Lichtenberger op 8th"]
[Site "Berlin"]
[Date "2009.08.15"]
[Round "1"]
[White "Kammler, Hans Joachim"]
[Black "Walter, Guenter1"]
[Result "1/2-1/2"]
[WhiteElo "1276"]
[BlackElo "2245"]
[PlyCount "76"]
[EventDate "2009.08.15"]
[EventType "swiss"]
[EventRounds "9"]
[EventCountry "GER"]
[SourceTitle "CBM 131 Extra"]
[Source "ChessBase"]
[SourceDate "2009.09.03"]
[SourceVersion "2"]
[SourceVersionDate "2009.09.16"]
[SourceQuality "1"]

1. e4 e5 2. Nf3 Nc6 3. Bb5 Nge7 4. c3 g6 5. d4 Bg7 6. d5 a6 7. Bd3 Nb8 8. 0-0 d6 9. Nbd2 0-0 10. Nb3 Bg4 11. h3 Bxf3 12. Qxf3 f5 13. Bg5 fxe4 14. Qxe4 Nd7 15. f4 Nf6 16. Bxf6 Bxf6 17. g4 c6 18. c4 cxd5 19. cxd5 exf4 20. Qe6+ Kh8 21. Rxf4 Qb6+ 22. Kh1 Bg5 23. Rxf8+ Rxf8 24. Rf1 Rxf1+ 25. Bxf1 Qe3 26. Bg2 Qg3 27. Nd4 Qf4 28. Nf3 Qc1+ 29. Qe1 Bd2 30. Qxc1 Bxc1 31. b3 Nxd5 32. Ng5 Bxg5 33. Bxd5 b6 34. Kg2 Kg7 35. Kf3 Kf6 36. Ke4 Bc1 37. Bg8 h6 38. h4 g5 1/2-1/2

[Event "Berlin-ch Seniors op 25th"]
[Site "Berlin"]
[Date "2009.02.18"]
[Round "7"]
[White "Pueschel, Gisela"]
[Black "Kammler, Hans Joachim"]
[Result "1/2-1/2"]
[WhiteElo "1672"]
[BlackElo "1279"]
[PlyCount "40"]
[EventDate "2009.02.12"]
[EventType "swiss"]
[EventRounds "9"]
[EventCountry "GER"]
[SourceTitle "EXT 2022"]
[Source "ChessBase"]
[SourceDate "2021.10.06"]
[SourceVersion "1"]
[SourceVersionDate "2021.10.06"]
[SourceQuality "1"]

1. d4 Nf6 2. c4 e6 3. Nc3 Bb4 4. Nf3 c5 5. e3 Qa5 6. Bd2 d5 7. a3 Bxc3 8. Bxc3 Qc7 9. b3 Ne4 10. Qc2 0-0 11. Bd3 f5 12. Ne5 Nd7 13. 0-0 b6 14. f3 Nxc3 15. Qxc3 Nxe5 16. dxe5 Bb7 17. f4 Rad8 18. cxd5 Bxd5 19. Bc4 Qb7 20. Bxd5 Rxd5 1/2-1/2

[Event "Berlin-ch Seniors op 25th"]
[Site "Berlin"]
[Date "2009.02.17"]
[Round "6"]
[White "Kammler, Hans Joachim"]
[Black "Ollek, Karl Heinz"]
[Result "0-1"]
[WhiteElo "1279"]
[BlackElo "1839"]
[PlyCount "71"]
[EventDate "2009.02.12"]
[EventType "swiss"]
[EventRounds "9"]
[EventCountry "GER"]
[SourceTitle "EXT 2022"]
[Source "ChessBase"]
[SourceDate "2021.10.06"]
[SourceVersion "1"]
[SourceVersionDate "2021.10.06"]
[SourceQuality "1"]

1. e4 c5 2. Nf3 e6 3. d4 cxd4 4. Nxd4 e5 5. Nf3 Nc6 6. Bc4 a6 7. a3 Nf6 8. Nc3 Bc5 9. 0-0 b5 10. Ba2 0-0 11. b4 Be7 12. h3 d6 13. Nh2 Be6 14. f4 Bc4 15. Bxc4 bxc4 16. Be3 exf4 17. Rxf4 Ne5 18. Qe2 Ng6 19. Rf2 Rc8 20. Rd1 Qd7 21. Bd4 Qe6 22. Rdf1 Ne5 23. Rf4 Nc6 24. Be3 Nd7 25. Rg4 Bf6 26. Nd5 Bd4 27. Nf4 Qxe4 28. Bxd4 Qxd4+ 29. Kh1 Rce8 30. Qf3 Qe4 31. Qg3 Qxc2 32. Nh5 g6 33. Rf6 Nce5 34. Rxd6 Re6 35. Rgd4 Kh8 36. Rxe6 0-1

[Event "Berlin-ch Seniors op 25th"]
[Site "Berlin"]
[Date "2009.02.16"]
[Round "5"]
[White "Kohlstadt Erlebach, Paul"]
[Black "Kammler, Hans Joachim"]
[Result "1/2-1/2"]
[WhiteElo "1749"]
[BlackElo "1279"]
[PlyCount "58"]
[EventDate "2009.02.12"]
[EventType "swiss"]
[EventRounds "9"]
[EventCountry "GER"]
[SourceTitle "EXT 2022"]
[Source "ChessBase"]
[SourceDate "2021.10.06"]
[SourceVersion "1"]
[SourceVersionDate "2021.10.06"]
[SourceQuality "1"]

1. e4 e6 2. d4 d5 3. exd5 exd5 4. Bd3 c5 5. dxc5 Bxc5 6. Nf3 Bg4 7. 0-0 Ne7 8. h3 Be6 9. Nbd2 Nbc6 10. Nb3 Bd6 11. Re1 Qc7 12. Nbd4 Qd7 13. Nxc6 bxc6 14. Nd4 0-0 15. Nxe6 fxe6 16. Qh5 g6 17. Qg4 Nf5 18. Bxf5 Rxf5 19. Be3 Raf8 20. Qe2 e5 21. f3 Qf7 22. c3 c5 23. Bh6 Re8 24. Rad1 e4 25. fxe4 Rxe4 26. Qd3 c4 27. Qd2 Bc5+ 28. Kh1 Rxe1+ 29. Qxe1 Rh5 1/2-1/2